International Economics (Record no. 9590)
[ view plain ]
| 000 -LEADER | |
|---|---|
| fixed length control field | 00239nam a22001097a 4500 |
| 040 ## - CATALOGING SOURCE | |
| Transcribing agency | SK |
| 082 ## - DEWEY DECIMAL CLASSIFICATION NUMBER | |
| Classification number | 337 |
| 100 ## - MAIN ENTRY--AUTHOR NAME | |
| Personal name | CHHAY KONGKEA; ឆាយ គង្គា |
| 245 ## - TITLE STATEMENT | |
| Title | International Economics |
| 260 ## - PUBLICATION, DISTRIBUTION, ETC. (IMPRINT) | |
| Place of publication | RUA |
| Name of publisher | CHH |
| Year of publication | 2009 |
| 942 ## - ADDED ENTRY ELEMENTS (KOHA) | |
| Koha item type | សៀវភៅភាសាអង់គ្លេស |
| 952 ## - LOCATION AND ITEM INFORMATION (KOHA) | |
| Withdrawn status [LOCAL, KOHA] | 0 |
| 952 ## - LOCATION AND ITEM INFORMATION (KOHA) | |
| Withdrawn status [LOCAL, KOHA] | 0 |
| 952 ## - LOCATION AND ITEM INFORMATION (KOHA) | |
| Withdrawn status [LOCAL, KOHA] | 0 |
| Permanent Location | Date acquired | Koha item type | Lost status | Shelving location | Barcode | Current Location | Full call number |
|---|---|---|---|---|---|---|---|
| Library Block C | 2016-09-05 | សៀវភៅភាសាអង់គ្លេស | C063 | RUA44103 | Library Block C | 337 CHH 2009 C63 | |
| Library Block C | 2016-09-05 | សៀវភៅភាសាអង់គ្លេស | C063 | RUA44992 | Library Block C | 337 CHH 2009 C63 | |
| Library Block C | 2016-09-05 | សៀវភៅភាសាអង់គ្លេស | C063 | RUA043220 | Library Block C | 337 CHH 2009 C63 |